000 00266nam a22001217a 4500
008 190205b xxu||||| |||| 00| 0 eng d
041 _aeng
080 _29th
_a610.73
100 _a2
101 _aINF
245 _aFundamentals of Nursing
_cKozier
942 _2udc
_cBK
999 _c54072
_d54072